| 000 | 00492nam a2200145 4500 | ||
|---|---|---|---|
| 001 | 122930 | ||
| 003 | ES-MaACL | ||
| 005 | 20230906192054.0 | ||
| 007 | t| | ||
| 008 | 070214s1985 sp r ||||0| spa d | ||
| 245 | 0 | 0 |
_aPunto de vista soviético _b: con motivo de la visita de la delegación del soviet supremo de la URSS a España : 16-24 de junio de 1985. |
| 260 |
_aMadrid : _bCarlos Grasa López y Barchi, _c1985. |
||
| 300 |
_a40 p ; _c20 cm. |
||
| 852 |
_aES-MaACL _j2134-F-21 _bR.109225 |
||
| 999 |
_c122930 _d122930 |
||